000 01208nam0a22002651 4500
001 rc\4554657
005 20260407214222.0
021 _aRU
_b[63-98409]
035 _a(NLR Aleph) 008643567
090 _a8957605
_c8957605
100 _a20130416d1963 |||y0rusy50 ca
101 0 _arus
102 _aRU
105 _ay z |||||
200 1 _aПримерное положение о порядке назначения и выплате пенсий членам колхозов Латвийской ССР
_e[Утв. 14/X 1963 г.]
_fМ-во производства и заготовок с.-х. продуктов Латв. ССР. М-во соц. обеспечения Латв. ССР
210 _aРига
_cБ. и.
_d1963
215 _a15 с.
_d20
606 _aКолхозники
_xСоциальное обеспечение
_2psbo
606 _aПенсии и пособия
_2psbo
710 0 1 _aЛатвССР
_bМинистерство производства и заготовок сельскохозяйственных продуктов
_9782302
_3RU\NLR\AUTH\8810143881
801 0 _aRU
_bNLR
_gpsbo
801 1 _aRU
_bELAR
_2rusmarc
852 _aNLR
_j64-4/1083
942 _cBOOK
980 _aNB